Ριγέ ουρανός

Αποθηκεύτηκε σε:
Λεπτομέρειες βιβλιογραφικής εγγραφής
Κύριος συγγραφέας: Έλληνα, Μάγδα
Μορφή: Βιβλίο
Γλώσσα:Greek
Δημοσίευση: [Αθήνα] : Μεταίχμιο, [2002]
Σειρά:Λογοτεχνία
Θέματα:
Ετικέτες: Προσθήκη ετικέτας
Δεν υπάρχουν, Καταχωρήστε ετικέτα πρώτοι!

MARC

LEADER 00000cam a2200000 i 4500
001 1/25902
008 060309s2002 gre d
020 |a 960-375-399-8 
035 |l 10083029 
040 |a GR-MY-UA  |b gre  |e aacr 
041 0 |a gre 
082 0 |a 889.334  |2 (22) 
100 1 |a Έλληνα, Μάγδα. 
245 1 0 |a Ριγέ ουρανός /  |c Μάγδα Έλληνα 
260 |a [Αθήνα] :   |b Μεταίχμιο,   |c [2002] 
300 |a 214 σ.;  |c 20 εκ. 
490 1 |a Λογοτεχνία 
650 0 0 |a Greek literature, Modern  |y 20th century. 
650 0 0 |a Greek fiction, Modern  |y 20th century. 
830 0 |a Λογοτεχνία 
852 |a INST  |b RHODES  |e 20060309  |h 889.334 ΕΛΛ  |p 005400021251  |q 005400021251  |t BK  |y 0 
901 |a BIBL4-2006-1 
909 |a Ρ  |b 123316 
970 |a ΚΟΖΑ  |b ΜΑΡΙΑ  |z 2006/03/09